000 01004nam a2200277 a 4500
001 000023419
003 DO-SdBNP
005 20250421103342.0
008 101207s1984 mx r 000 0 spa d
020 _a9682301475
040 _aDO-SdBNP
_bspa
_cBNPHU
049 _aBNGR
082 _a346.044
_bK21c, 1984
100 1 _aKautsky, karl
_948255
245 1 3 _ala cuestión agraria :
_banálisis de las tendencias de la agricultura moderna y de la política agraria de la socialdemocracia /
_cKarl Kautsky ; traducción, prólogo e introducción Giuliano Procacci.
250 _a6a ed.
260 _aMéxico, D. F. :
_bSiglo Veintiuno,
_c1984.
300 _acxvii, 540 p. ;
_c21 cm.
500 _aIncluye notas al pie de las páginas.
534 _aIntroduzione a la questione agraria di Karl Kautsky.
650 0 _aDerecho agrario
_948256
650 0 _aReforma agraria
_948267
650 0 _aAgricultura y estado
_936241
700 1 _aProcacci, Giuliano,
_etr.
_epról
_948258
942 _2ddc
_cLBS1
999 _c22916
_d22916